The Common Law Library : Charity on Contract, Volume II Specific Contracts. (Record no. 6726)

MARC details
005 - DATE AND TIME OF LATEST TRANSACTION
control field 20250715095141.0
020 ## - INTERNATIONAL STANDARD BOOK NUMBER
International Standard Book Number 0 421 843 004
082 ## - DEWEY DECIMAL CLASSIFICATION NUMBER
Classification number 346.026 BEA
245 ## - TITLE STATEMENT
Title The Common Law Library : Charity on Contract, Volume II Specific Contracts.
250 ## - EDITION STATEMENT
Edition statement 29th Ed
260 ## - PUBLICATION, DISTRIBUTION, ETC.
Place of publication, distribution, etc. London,
Name of publisher, distributor, etc. Sweet & Maxwell,
Date of publication, distribution, etc. 2004.
300 ## - PHYSICAL DESCRIPTION
Extent cccxxxiv,1785p.: ill.;
Other physical details Index
Dimensions 24cm
700 ## - ADDED ENTRY--PERSONAL NAME
Other authors/Editors BEALE, H.G. [et all..]
856 ## - ELECTRONIC LOCATION AND ACCESS
Link text Access Online Book
Electronic name Charity on Contract, Volume II
Path http://www.smlawpub.co.uk
942 ## - ADDED ENTRY ELEMENTS (KOHA)
Source of classification or shelving scheme Dewey Decimal Classification
Koha item type Books
Holdings
Date last seen Total checkouts Full call number Barcode Cost, replacement price Price effective from Koha item type Lost status Source of classification or shelving scheme Damaged status Not for loan Withdrawn status Home library Current library Shelving location Date acquired Cost, normal purchase price
07/15/2025   346.026 BEA 00000013751 300000.00 07/15/2025 Books   Dewey Decimal Classification       College of Business Education Main Library College of Business Education Main Library General Collection 07/15/2025 100000.00